Etický kódex účtovníka ako nástroj na riešenie etických dilem diplomová práca

Uložené v:
Podrobná bibliografia
Hlavný autor: Búciová, Mária
Korporativný autor: Fakulta hospodárskej informatiky EU. Katedra účtovníctva a audítorstva
Ďalší autori: Užík, Ján, 1969-
Médium: Kniha
Jazyk:Slovak
Vydavateľské údaje: Bratislava 2019
Tagy: Pridať tag
Žiadne tagy, Buďte prvý, kto otaguje tento záznam!

MARC

LEADER 00000nbm a2200000 4500
001 0254130
005 20200110145340.4
041 0 |a slo 
044 |a SK 
245 1 0 |a Etický kódex účtovníka ako nástroj na riešenie etických dilem  |b diplomová práca  |c Mária Búciová ; školiteľ: Ján Užík 
264 1 |a Bratislava  |c 2019 
300 |a 67 s. 
100 1 |a Búciová, Mária 
700 1 |a Užík, Ján, 1969- 
710 2 |a Fakulta hospodárskej informatiky EU. Katedra účtovníctva a audítorstva